[Event "RUS-ch Silent"]
[Site "Zelenograd"]
[Date "2022.04.16"]
[Round "9"]
[White "Petrov, Alexey"]
[Black "Shalagin, Vladimir"]
[Result "1-0"]
[WhiteElo "1816"]
[BlackElo "1999"]
[PlyCount "111"]
[EventDate "2022.04.09"]
[EventType "swiss"]
[EventRounds "11"]
[EventCountry "RUS"]
[SourceTitle "EXT 2023"]
[Source "ChessBase"]
[SourceDate "2022.10.05"]
[SourceVersion "1"]
[SourceVersionDate "2022.10.05"]
[SourceQuality "1"]

1. e4 e5 2. Nf3 Nc6 3. Bc4 Bc5 4. d3 Nf6 5. 0-0 d6 6. c3 Bb6 7. a4 a6 8. h3 h6 9. Re1 0-0 10. Nbd2 Be6 11. b4 a5 12. b5 Ne7 13. Qb3 Qd7 14. Bxe6 Qxe6 15. Qxe6 fxe6 16. Nc4 Bc5 17. Be3 Bxe3 18. Rxe3 b6 19. Nfd2 g5 20. d4 exd4 21. cxd4 Ne8 22. f3 Rd8 23. Nb3 Rd7 24. Rc1 Rd8 25. Rec3 d5 26. Ne5 dxe4 27. fxe4 Rf4 28. Re3 Nc8 29. g3 Rf8 30. Rc6 Rd6 31. Rc1 Rd8 32. Rc6 Rd6 33. Rc1 Ne7 34. Kg2 Kg7 35. Rec3 Rd8 36. R1c2 h5 37. Kh2 Rf6 38. Kg2 Ng6 39. Nxg6 Kxg6 40. Rc6 Kf7 41. Rf2 Rd7 42. e5 Rxf2+ 43. Kxf2 Ng7 44. g4 h4 45. Ke3 Ke8 46. Nd2 Kf7 47. Ne4 Kg6 48. Nf6 Rf7 49. Ke4 Re7 50. d5 Kf7 51. d6 cxd6 52. exd6 Kxf6 53. dxe7 Kxe7 54. Rxb6 Ne8 55. Ke5 Nf6 56. Rxe6+ 1-0

[Event "RUS-ch Silent"]
[Site "Zelenograd"]
[Date "2018.10.31"]
[Round "8"]
[White "Rukavishnikov, Maxim"]
[Black "Petrov, Alexey"]
[Result "0-1"]
[WhiteElo "1836"]
[BlackElo "1970"]
[PlyCount "74"]
[EventDate "2018.10.25"]
[EventType "swiss"]
[EventRounds "11"]
[EventCountry "RUS"]
[SourceTitle "EXT 2020"]
[Source "ChessBase"]
[SourceDate "2019.10.17"]
[SourceVersion "1"]
[SourceVersionDate "2019.10.17"]
[SourceQuality "1"]

1. e4 c5 2. c3 d5 3. exd5 Qxd5 4. d4 Nf6 5. Nf3 e6 6. Bd3 Nc6 7. 0-0 Be7 8. h3 0-0 9. Be3 cxd4 10. cxd4 Nb4 11. Nc3 Qd8 12. Bb1 Bd7 13. a3 Nbd5 14. Nxd5 Nxd5 15. Qd3 g6 16. Bh6 Re8 17. Ne5 Rc8 18. Qf3 Bf6 19. Be4 Bc6 20. g4 Qe7 21. g5 Bxe5 22. dxe5 Nb6 23. Bxc6 Rxc6 24. Rad1 Nd5 25. Rd4 Rec8 26. Rfd1 Rc1 27. Rxc1 Rxc1+ 28. Kg2 Rc6 29. h4 Qc7 30. Re4 Rc4 31. Qd3 Nf4+ 32. Rxf4 Rxf4 33. Qe3 Ra4 34. Kg3 Qc4 35. f4 Qe4 36. Qd2 Rd4 37. Qc1 Rd3+ 0-1

[Event "RUS-ch Silent"]
[Site "Zelenograd"]
[Date "2018.10.25"]
[Round "1"]
[White "Petrov, Alexey"]
[Black "Rubel, Maxim"]
[Result "1-0"]
[WhiteElo "1970"]
[BlackElo "1477"]
[PlyCount "105"]
[EventDate "2018.10.25"]
[EventType "swiss"]
[EventRounds "11"]
[EventCountry "RUS"]
[SourceTitle "EXT 2020"]
[Source "ChessBase"]
[SourceDate "2019.10.17"]
[SourceVersion "1"]
[SourceVersionDate "2019.10.17"]
[SourceQuality "1"]

1. e4 e5 2. Nf3 Nc6 3. Bb5 a6 4. Ba4 Nf6 5. 0-0 b5 6. Bb3 d6 7. Ng5 d5 8. exd5 Nd4 9. d3 h6 10. Nf3 Bg4 11. Nbd2 Nxb3 12. axb3 Qxd5 13. h3 Be6 14. Qe2 Bd6 15. Re1 Nd7 16. Qe4 0-0 17. Nf1 f5 18. Qxd5 Bxd5 19. N1h2 e4 20. dxe4 fxe4 21. Nd4 c5 22. Ne2 Nf6 23. Bf4 Rfd8 24. Rad1 Bxf4 25. Nxf4 Bf7 26. Ng4 Nxg4 27. hxg4 g5 28. Ne2 Bg6 29. c3 h5 30. gxh5 Bxh5 31. Rxd8+ Rxd8 32. Ng3 Bg6 33. Nxe4 Bxe4 34. Rxe4 Rd2 35. Re5 Rxb2 36. Rxg5+ Kf7 37. Rxc5 Rxb3 38. Rc7+ Ke8 39. g4 a5 40. g5 Rb1+ 41. Kg2 Rc1 42. g6 Kf8 43. f4 b4 44. Rf7+ Kg8 45. cxb4 axb4 46. Kf3 b3 47. Rb7 Rg1 48. f5 b2 49. Rxb2 Kg7 50. Rb7+ Kf6 51. Rf7+ Ke5 52. g7 Rg5 53. f6 1-0

[Event "RUS-ch Silent"]
[Site "Zelenograd"]
[Date "2017.09.22"]
[Round "5"]
[White "Petrov, Alexey"]
[Black "Bakurov, Viacheslav"]
[Result "1-0"]
[WhiteElo "1987"]
[BlackElo "1798"]
[PlyCount "95"]
[EventDate "2017.09.19"]
[EventType "swiss"]
[EventRounds "11"]
[EventCountry "RUS"]
[SourceTitle "EXT 2019"]
[Source "ChessBase"]
[SourceDate "2018.10.10"]
[SourceVersion "1"]
[SourceVersionDate "2018.10.10"]
[SourceQuality "1"]

1. e4 d6 2. d4 g6 3. Nc3 Bg7 4. Be3 a6 5. Qd2 Nd7 6. a4 b6 7. Nf3 Bb7 8. Bd3 Ngf6 9. Bh6 0-0 10. 0-0 e5 11. dxe5 dxe5 12. Bg5 Qe8 13. b4 Rc8 14. Qe2 c5 15. b5 a5 16. Bc4 h6 17. Bxf6 Nxf6 18. Rad1 Qe7 19. Nd5 Nxd5 20. Bxd5 Rcd8 21. Qc4 Bc8 22. h3 Qf6 23. Rd3 Kh7 24. Rfd1 h5 25. Nh2 Qe7 26. Nf1 f5 27. f3 Bh6 28. Qc3 Bf4 29. Bc6 h4 30. Rxd8 Rxd8 31. Rxd8 Qxd8 32. Bd5 fxe4 33. fxe4 Qg5 34. Qd3 Kh6 35. Bc4 Kg7 36. Qd5 Be3+ 37. Kh1 Qf4 38. Qg8+ Kh6 39. Qh8+ Kg5 40. Qxc8 Qf2 41. Qg4+ Kh6 42. Nxe3 Qxe3 43. Qxh4+ Kg7 44. Qe7+ Kh6 45. Qxe5 Qc1+ 46. Kh2 Qxc2 47. h4 Qxc4 48. Qh8# 1-0

[Event "Zelenograd-ch"]
[Site "Zelenograd"]
[Date "2016.09.20"]
[Round "4"]
[White "Burmistrov, Alexander"]
[Black "Petrov, Alexey"]
[Result "1/2-1/2"]
[WhiteElo "1867"]
[BlackElo "1998"]
[PlyCount "59"]
[EventDate "2016.09.19"]
[EventType "swiss"]
[EventRounds "11"]
[EventCountry "RUS"]
[SourceTitle "EXT 2017"]
[Source "ChessBase"]
[SourceDate "2016.10.25"]
[SourceVersion "1"]
[SourceVersionDate "2016.10.25"]
[SourceQuality "1"]

1. c4 Nf6 2. Nc3 c6 3. e4 d6 4. d4 Nbd7 5. Be3 e5 6. d5 Be7 7. f4 exf4 8. Bxf4 Nc5 9. e5 dxe5 10. Bxe5 cxd5 11. Nxd5 Nxd5 12. Qxd5 0-0 13. Be2 Be6 14. Qf3 Nd7 15. Bc3 Bf6 16. Nh3 Bxh3 17. Qxh3 Bxc3+ 18. Qxc3 Qh4+ 19. g3 Qe4 20. Kf2 Ne5 21. b3 Rad8 22. Rhd1 b6 23. Rd2 Rxd2 24. Qxd2 Re8 25. Rd1 g6 26. Re1 h5 27. h4 Kh7 28. Rd1 Ng4+ 29. Bxg4 Qxg4 30. Re1 1/2-1/2

[Event "RUS-ch Silent"]
[Site "Zelenograd"]
[Date "2015.06.04"]
[Round "4"]
[White "Petrov, Alexey"]
[Black "Grashin, Mikhail"]
[Result "1-0"]
[WhiteElo "2007"]
[BlackElo "1547"]
[PlyCount "69"]
[EventDate "2015.06.02"]
[EventType "swiss"]
[EventRounds "11"]
[EventCountry "RUS"]
[SourceTitle "EXT 2018"]
[Source "ChessBase"]
[SourceDate "2017.10.13"]
[SourceVersion "1"]
[SourceVersionDate "2017.10.13"]
[SourceQuality "1"]

1. e4 e5 2. Nf3 d6 3. Bc4 h6 4. h3 Nf6 5. Nc3 a6 6. d4 exd4 7. Nxd4 Nbd7 8. 0-0 Ne5 9. Bb3 b5 10. f4 Nc4 11. e5 dxe5 12. fxe5 Nxe5 13. Re1 Be7 14. Rxe5 0-0 15. Nf5 Bxf5 16. Qxd8 Bxd8 17. Rxf5 c5 18. Bd5 Nxd5 19. Nxd5 Ra7 20. Be3 Re8 21. Bxc5 Rd7 22. Rd1 Re2 23. Nf6+ Bxf6 24. Rxd7 Rxc2 25. Rxf6 gxf6 26. Bd4 Rd2 27. Rd8+ Kh7 28. Bxf6 Rxd8 29. Bxd8 f5 30. Kf2 Kg6 31. Kf3 h5 32. Kf4 h4 33. Bxh4 a5 34. Bd8 a4 35. a3 1-0